Przydomki angielskich klubów - Statystyki

Ogólne statystyki
  • Ten quiz został rozwiązany 1 188 razy
  • Średni wynik to 12 z 21
Statystyki odpowiedzi
Przydomek Klub % Poprawnych
Czerwone diabły Manchester United
98%
The Blues Chelsea
94%
Kanonierzy Arsenal
91%
The Reds Liverpool
91%
Lisy Leicester City
82%
Święci Southampton
82%
Obywatele Manchester City
78%
Młoty West Ham United
77%
Koguty Tottenham Hotspur
75%
The Toffees Everton
62%
Kanarki Norwich City
60%
Sroki Newcastle United
58%
Wisienki Bournemouth
50%
Łabędzie Swansea City
50%
Orły Crystal Palace
38%
Mewy Brighton & Hove Albion
36%
Czarne Koty Sunderland
23%
Garncarze Stoke City
21%
Bordowi Burnley
19%
Pawie Leeds United
14%
The Tractor Boys Ipswich Town
4%
Nie znaleziono quizów pasujących do podanych kryteriów
Rozkład punktacji
Procent ludzi z każdym wynikiem
Percentyl według liczby udzielonych odpowiedzi
Twoja historia wyników
Nie rozwiązałeś tego quizu